[Event "Zalakaros op"]
[Site "?"]
[Date "2003.05.19"]
[Round "4"]
[White "Molnar Bela"]
[Black "Chernyshov Konstantin"]
[Result "0-1"]
[WhiteElo "2404"]
[BlackElo "2561"]
[PlyCount "66"]
[EventDate "2003.??.??"]
[Source "www.chesslib.no"]
[SourceDate "2004.05.04"]

1. e4 e6 2. d4 d5 3. e5 b6 4. c3 a5 5. h4 h5 6. Bb5+ c6 7. Ba4 Ba6 8. Ne2 Be7 9. g3 g6 10. a3 Qc7 11. Bg5 Nd7 12. Bxe7 Nxe7 13. Nf4 c5 14. Nd2 Rc8 15. Nf3 b5 16. Bb3 cxd4 17. cxd4 b4 18. Nd3 bxa3 19. Rxa3 Nc6 20. Ba4 Qb6 21. Bxc6 Rxc6 22. O-O O-O 23. Qd2 Bxd3 24. Qh6 Rfc8 25. Ng5 Nf8 26. Rxd3 Qb5 27. Rdd1 Qxb2 28. Rfe1 Rc2 29. Nh3 a4 30. Kh1 a3 31. Rg1 a2 32. g4 R8c3 33. Nf4 Rxf2 0-1

[Event "Borovo"]
[Site "?"]
[Date "1980.08.16"]
[Round "7"]
[White "Kurajica Bojan"]
[Black "Vukic Milan"]
[Result "1/2-1/2"]
[WhiteElo "2505"]
[BlackElo "2460"]
[PlyCount "113"]
[EventDate "1980.??.??"]
[Source "www.chesslib.no"]
[SourceDate "2004.05.04"]

1. e4 c5 2. Nf3 e6 3. c3 d5 4. e5 Nc6 5. d4 Qb6 6. Be2 cxd4 7. cxd4 Nge7 8. b3 Nf5 9. Bb2 Be7 10. O-O Bd7 11. Kh1 Rc8 12. Nc3 a6 13. Na4 Qa7 14. Rc1 b5 15. Nc5 Nfxd4 16. Nxd7 Nxe2 17. Nf6+ gxf6 18. Qxe2 f5 19. Nd4 Qb7 20. Qc2 Kd7 21. Qd2 Nxd4 22. Bxd4 Rxc1 23. Rxc1 Rc8 24. Rxc8 Qxc8 25. g3 Bc5 26. Kg2 Qc6 27. Qc3 Be7 28. Qd2 b4 29. h3 a5 30. g4 fxg4 31. hxg4 Bc5 32. Qf4 Bxd4 33. Qxd4 Kc8 34. Qd3 d4+ 35. Kh2 Qd5 36. f4 h6 37. Kg3 Kb7 38. Kf2 Kb6 39. Qf3 Qc5 40. Qa8 Qc2+ 41. Kg3 Qc7 42. Kf3 a4 43. Qf8 Qc3+ 44. Kf2 Qc2+ 45. Kf3 axb3 46. Qxb4+ Kc6 47. axb3 Qd3+ 48. Kf2 Qe3+ 49. Kg2 Qc3 50. Qd6+ Kb7 51. Kf2 Qe3+ 52. Kg2 Qe4+ 53. Kg3 d3 54. Qd7+ Kb6 55. Qd8+ Kb7 56. Qd7+ Ka6 57. Qd6+ 1/2-1/2

[Event "Valle d'Aosta op 10th"]
[Site "Valle d'Aosta"]
[Date "2002.02.10"]
[Round "2"]
[White "Landenbergue, Claude"]
[Black "Sulava, Nenad"]
[Result "0-1"]
[WhiteElo "2405"]
[BlackElo "2552"]
[PlyCount "56"]
[EventDate "2002.02.09"]
[Source "ChessBase"]
[SourceDate "2002.03.14"]

1. e4 c5 2. Nf3 e6 3. c3 Ne7 4. d4 cxd4 5. cxd4 d5 6. e5 Nf5 7. Nc3 Nc6 8. Be3 Nxe3 9. fxe3 f5 10. exf6 Qxf6 11. Bb5 Qh6 12. e4 Bd6 13. exd5 exd5 14. Qe2+ Kd8 15. Bxc6 bxc6 16. O-O Bg4 17. h3 Re8 18. Qc2 Qe3+ 19. Kh1 Bxf3 20. Rxf3 Qe1+ 21. Rf1 Qg3 22. Kg1 Qh2+ 23. Kf2 Bg3+ 24. Kf3 Bf4 25. Ne2 Rf8 26. Qxh7 Bc1+ 27. Kg4 Qxg2+ 28. Ng3 Rxf1 0-1

[Event "Bad Woerishofen Open"]
[Site "Bad Woerishofen GER"]
[Date "1991.??.??"]
[Round "5"]
[White "Grosar, Aljosa"]
[Black "Vaganian, Rafael A"]
[Result "1/2-1/2"]
[WhiteElo "2370"]
[BlackElo "2585"]
[PlyCount "61"]
[EventDate "1991.11.??"]
[Source "www.chesslib.no"]
[SourceDate "2004.05.04"]

1. e4 e6 2. d4 d5 3. e5 b6 4. c3 Qd7 5. a4 a5 6. Nf3 Ba6 7. Bxa6 Nxa6 8. h4 h5 9. O-O Nh6 10. Bg5 Nf5 11. Na3 Bxa3 12. Rxa3 c5 13. Qe2 Qc6 14. Rc1 Nc7 15. Raa1 Qb7 16. Rcb1 Rc8 17. dxc5 bxc5 18. b4 axb4 19. cxb4 cxb4 20. Bd2 b3 21. Ra3 Qa6 22. Qd1 O-O 23. Rbxb3 Na8 24. a5 Rc4 25. Rb4 Rxb4 26. Bxb4 Rb8 27. Be1 Rc8 28. Rb3 g6 29. Qd2 Nc7 30. Rb6 Qc4 31. Rb4 1/2-1/2

[Event "Kecskemet"]
[Site "?"]
[Date "1993.??.??"]
[Round "?"]
[White "Haba, P."]
[Black "Meszaros, Gyu"]
[Result "1-0"]
[WhiteElo "2485"]
[BlackElo "2465"]
[PlyCount "55"]
[EventDate "1993.??.??"]
[Source "ChessBase"]
[SourceDate "1993.10.01"]

1. e4 e6 2. d4 d5 3. e5 b6 4. c3 Qd7 5. a4 a5 6. Nf3 Ne7 7. Na3 h5 8. Nc2 Ba6 9. Bxa6 Nxa6 10. O-O Nf5 11. Bg5 c5 12. Ne3 Nxe3 13. fxe3 b5 14. Nh4 b4 15. Ng6 fxg6 16. Qd3 Be7 17. Qxg6+ Kd8 18. Rf7 Re8 19. Raf1 Nc7 20. Rxe7 Rxe7 21. Rf7 Qxa4 22. Bxe7+ Kc8 23. Bd6 Qd1+ 24. Rf1 Qg4 25. Qf7 Ra7 26. Bxc7 Rxc7 27. Qe8+ Kb7 28. Qb5+ 1-0

[Event "Protvino zt"]
[Site "Protvino"]
[Date "1993.??.??"]
[Round "?"]
[White "Minasian, Artashes"]
[Black "Nalbandian, Tigran"]
[Result "0-1"]
[WhiteElo "2545"]
[BlackElo "2405"]
[PlyCount "76"]
[EventDate "1993.03.??"]
[Source "ChessBase"]

1. e4 e6 2. d4 d5 3. e5 b6 4. c3 Qd7 5. f4 h5 6. Nf3 Nh6 7. Be3 Ba6 8. Bxa6 Nxa6 9. Qe2 Nb8 10. Nbd2 c5 11. Bf2 Nc6 12. dxc5 bxc5 13. Nb3 c4 14. Nbd4 Bc5 15. O-O-O Bxd4 16. Bxd4 Nxd4 17. Nxd4 g6 18. Rd2 Nf5 19. Nf3 Qc6 20. Rhd1 Rb8 21. g3 Qa4 22. Kb1 Rb6 23. Qf2 O-O 24. Ka1 Rfb8 25. Rc1 Ra6 26. a3 Qb3 27. Qc5 Kg7 28. Nh4 Nxh4 29. gxh4 Rb5 30. Qe7 Rba5 31. Rcc2 Rxa3+ 32. bxa3 Rxa3+ 33. Qxa3 Qxa3+ 34. Kb1 Qe7 35. Rg2 Qxh4 36. Rcf2 Qd8 37. Kc2 Qb6 38. Kc1 a5 0-1

[Event "URS Army Ch"]
[Site "Tashkent UZB"]
[Date "1987.??.??"]
[Round "?"]
[White "Glek, Igor V"]
[Black "Yurtaev, Leonid"]
[Result "1-0"]
[WhiteElo "2490"]
[BlackElo "2460"]
[PlyCount "57"]
[EventDate "1987.??.??"]
[Source "www.chesslib.no"]
[SourceDate "2004.05.04"]

1. e4 c5 2. Nf3 Nc6 3. c3 e6 4. d4 d5 5. e5 Bd7 6. Be2 f6 7. O-O fxe5 8. Nxe5 Nxe5 9. dxe5 Ne7 10. Bg5 Qc7 11. Bh5+ g6 12. Bf6 Rg8 13. Bg4 Bg7 14. Re1 Kf7 15. c4 d4 16. Nd2 Bc6 17. b4 b6 18. b5 Bb7 19. Bf3 Bxf6 20. Bxb7 Qxb7 21. exf6 Kxf6 22. Qe2 Nf5 23. Qe5+ Kf7 24. Qxe6+ Kg7 25. Qe5+ Kh6 26. g4 Nh4 27. g5+ Kh5 28. Re4 Qb8 29. Rxh4+ 1-0

[Event "DEN-ch"]
[Site "Ringsted"]
[Date "1995.??.??"]
[Round "3"]
[White "Schandorff, Lars"]
[Black "Mortensen, Erling"]
[Result "1/2-1/2"]
[WhiteElo "2450"]
[BlackElo "2500"]
[PlyCount "120"]
[EventDate "1995.??.??"]
[Source "ChessBase"]

1. e4 c5 2. Nf3 Nc6 3. c3 e6 4. d4 d5 5. e5 Qb6 6. a3 Nh6 7. b4 cxd4 8. cxd4 Nf5 9. Bb2 Be7 10. Be2 h5 11. h4 Bd7 12. g3 a6 13. O-O Qa7 14. Qd2 b5 15. Rd1 Qb7 16. Nc3 O-O 17. Rdc1 Qb6 18. Kg2 g6 19. Nd1 a5 20. Bc3 Ra7 21. Nb2 Rfa8 22. Nd3 axb4 23. axb4 Rxa1 24. Bxa1 Ra4 25. Bd1 Ra6 26. Bb2 Qa7 27. Nc5 Bxc5 28. Rxc5 Rb6 29. Bb3 Qa8 30. Ng1 Rb8 31. Ne2 Rc8 32. Nf4 Nce7 33. Nd3 Rxc5 34. Nxc5 Be8 35. f3 Nc6 36. Kh3 Qd8 37. Bc3 Qe7 38. Bc2 Kg7 39. Qf4 Kg8 40. Bd3 Nd8 41. Be1 f6 42. exf6 Qxf6 43. Bf2 Nf7 44. Kg2 N7d6 45. Qe5 Qxe5 46. dxe5 Nc4 47. g4 hxg4 48. fxg4 Ne7 49. Nxe6 Nxe5 50. Be2 Bd7 51. Nc7 Bxg4 52. Bxb5 Nf5 53. Kf1 d4 54. Nd5 Kf7 55. Nf4 Bf3 56. Nd3 Ke6 57. Nxe5 Kxe5 58. Bd3 Kd5 59. Ke1 Be4 60. Kd2 Nd6 1/2-1/2

[Event "5. Wichern op"]
[Site "?"]
[Date "1999.10.17"]
[Round "4"]
[White "Baklan Vladimir"]
[Black "Breyther Ruediger"]
[Result "1/2-1/2"]
[WhiteElo "2591"]
[BlackElo "2358"]
[PlyCount "49"]
[EventDate "1999.??.??"]
[Source "www.chesslib.no"]
[SourceDate "2004.05.04"]

1. e4 c5 2. Nf3 e6 3. c3 d5 4. e5 Nc6 5. d4 Bd7 6. a3 Nge7 7. b4 cxd4 8. cxd4 Nf5 9. Bb2 b5 10. Nbd2 a5 11. Bxb5 axb4 12. axb4 Rxa1 13. Qxa1 Bxb4 14. Bxc6 Bxc6 15. O-O O-O 16. Ba3 Bxa3 17. Qxa3 Bb5 18. Re1 h6 19. h3 Nh4 20. Rb1 Nxf3+ 21. Nxf3 Be2 22. Nd2 Qg5 23. Qc3 Ra8 24. Re1 Bh5 25. Nf1 1/2-1/2